00920nam a22002652 450000100060000000300080000600500170001400800390003103500510007004000270012104100080014806000230015608200180017910000270019724500580022426000380028230000330032050400510035365000230040465000280042770000250045594200120048099900170049295201450050932794BD-RjUL20211209051909.0140428s1965 pauac b 001 0 eng a(BD-RjUL)32884aOCLC ocm00711344 from D971020M aDLCcDLCdBD-RjULbeng aeng0 aWM 100bR813a 1965 a132bROA 19651 aRosen, Ephraim.99972110aAbnormal psychology /cEphraim Rosen and Ian Gregory. aPhiladelphia :bSaunders,cc1965. avi, 553 p. :bill. ;c27 cm. aIncludes bibliographical references and index. 0aPsychiatry.999722 2aPsychopathology.9997231 aGregory, Ian.989930 2ddccBK c32794d32794 00102ddc40718NFICaRUCLbRUCLcReadingd1972-08-30eEureka Book Agencyg32.80l0o132 ROA 1965r2014-04-28 00:00:00tC-1w2014-04-28yBK